000
00308nam a22001457a 4500
008
210302b ||||| |||| 00| 0 eng d
020
_a
9781259377693
041
_a
eng
080
_a
82
082
_a
82
100
_a
21
101
_a
GJL
245
_a
Elementary Spanish
_c
Dorwick, Th.
942
_2
udc
_c
BK
999
_c
55530
_d
55530